[Event "Jermuk FIDE GP"]
[Site "Jermuk"]
[Date "2009.08.16"]
[Round "7"]
[White "Bacrot, Etienne"]
[Black "Jakovenko, Dmitrij"]
[Result "1-0"]
[WhiteElo "2721"]
[BlackElo "2760"]
[Annotator "Krasenkow,M"]
[PlyCount "115"]
[EventDate "2009.08.09"]
[EventType "tourn"]
[EventRounds "13"]
[EventCountry "ARM"]
[EventCategory "19"]
[SourceTitle "CBM 132"]
[Source "ChessBase"]
[SourceDate "2009.09.16"]
[SourceVersion "1"]
[SourceVersionDate "2009.09.16"]
[SourceQuality "1"]

1. d4 Nf6 2. c4 e6 3. Nf3 d5 4. Nc3 Bb4 5. cxd5 exd5 6. Qa4+ Nc6 7. Bg5 h6 8.
Bxf6 Qxf6 9. e3 O-O 10. Be2 Rd8 (10... Be6 {is more popular in this quiet line
- see e.g. CBM 111, annotation to Rustemov - Vallejo by GM Z.Ribli.}) 11. O-O
Bf8 {Or else:} (11... Be6 12. Rfc1 a6 13. Qc2 $5 Bd6 14. Na4 Bf5 15. Qc3 Ne7
16. Nc5 Rab8 17. Bd3 c6 18. b4 Bxd3 19. Qxd3 Nf5 20. a4 Nh4 21. Nxh4 Qxh4 22.
g3 Qf6 23. b5 $14 {1-0 Vorobiov,E (2598)-Janssen,R (2527)/Kavala GRE 2009/The
Week in Chess 770 (37)}) (11... a6 12. Rac1 (12. Ne5 $6 Nxe5 13. Qxb4 Ng6 14.
Qc5 c6 15. b4 Nh4 $40 {0-1 Legky,N (2461)-Bacrot,E (2705)/France 2007/CBM 116
ext (35)}) (12. Rfc1 Rb8 13. a3 Bf8 14. b4 Ne7 15. Qb3 Be6 16. a4 Nf5 17. b5
axb5 18. axb5 c5 19. bxc6 bxc6 20. Qa4 c5 21. dxc5 Bxc5 22. Nb5 Bb6 {1/2
Mamedyarov,S (2757)-Carlsen,M (2693)/Dortmund 2007/CBM 119 (26)}) (12. a3 $5
Bf8 13. Qb3 Bg4 $2 (13... Rb8 14. Nxd5 $140 $2 Qe6) 14. h3 Be6 15. Qxb7 $16 {
1-0 Chatalbashev,B (2548)-Willemze,T (2419)/Kallithea GRE 2009/The Week in
Chess 766 (29)}) 12... Be6 $2 (12... Bf8 {[%cal Yc6e7,Yc7c6]}) 13. Ne5 Bxc3 14.
Nxc6 Bd7 15. Rxc3 Bxc6 16. Qa5 Qd6 17. Rfc1 $14 {1/2 Polugaevsky,L (2640)
-Ivkov,B (2535)/Petropolis 1973/IZT/[ChessBase] (65)}) (11... Bxc3 $5 12. bxc3
Bg4 (12... Bf5 $5) 13. Rfc1 Ne7 14. Rab1 Bc8 15. c4 c6 16. Nd2 Qd6 17. Bf3 $16
{1-0 Popov,L (2430)-Estrin,Y (2430)/Kecskemet 1979/EXT 1999 (36)}) (11... Bf5
$5 12. Rfc1 Qe6 13. Ne1 a6 14. Bf3 {1-0 Peek,M (2365)-Fritze,B (2240)/
Groningen 1990/CBM 022 (26)} Be7 $5) (11... Bg4 $2 12. Ne5 Bxe2 $8 13. Nxe2
Nxe5 14. Qxb4 $16) 12. a3 (12. Rac1 $5 a6 (12... Ne7 13. Ne5 Qb6 14. Bh5 g6 15.
Bf3 c6 16. Qc2 Nf5 17. a3 a5 18. g3 Bg7 {1-0 Rajkovic,D (2511)-Brkljaca,A 
(2353)/Belgrade 2007/CBM 116 ext (41)} 19. Na4 Qc7 20. Nd3 $14) 13. Qd1 {
[%cal Yc3a4,Ya4c5]} (13. Qb3 Qd6 14. Na4 Ne7 (14... b6 $142 15. Rc3 Bd7) 15.
Ne5 b6 16. Rfd1 Be6 17. a3 Rdb8 18. Qc3 Rc8 19. Nd3 Bd7 20. Qb3 $14 {1-0
Mihaljcisin,M (2280)-Petkov,V (2480)/Sibenik 2006/CBM 114 ext (39)}) 13... Ne7
(13... Qd6 14. Ne1 Ne7 15. Nd3 b6 16. b4 Bd7 17. Qb3 Bb5 18. Nb2 (18. Ne5 $142)
18... Bxe2 19. Nxe2 $14 {1-0 Malaniuk,V (2600)-Mochalov,E (2445)/Katowice 1993/
EXT 1998 (39)}) (13... Na7 14. Ne5 c6 15. Na4 Nb5 16. Nb6 Ra7 17. a4 Nc7 18.
Nxc8 Rxc8 19. Qb3 Ne8 20. e4 $1 $16 {1/2 Muse,M (2485)-Kovacevic,V (2475)/
Vinkovci 1993/CBM 038 ext (61)}) 14. Na4 c6 15. Nb6 Rb8 16. Nxc8 Nxc8 17. Ne5
Bd6 18. f4 Qe7 19. Bd3 Nb6 20. Qh5 Nd7 21. Rf3 Nf6 22. Qh3 c5 23. Rg3 $36 {
1/2 Flohr,S-Estrin,Y/Moscow 1953/EXT 1999 (33)}) (12. Rfc1 a6 (12... Ne7 13. b4
(13. Nb5 $6 c6 {/\} 14. Nc7 $2 Rb8 15. Qxa7 Bg4 $17 {פc7}) 13... Be6 (13...
Ng6 14. Qb3 c6 15. b5 $14 {1/2 Brunsteins,D (2407)-Kolus,W (2089)/LSS 2007/
Telechess CBM 131 (42)}) 14. Qb3 a6 $6 (14... Nf5 $1 $13) 15. Na4 Rdc8 (15...
c6 16. Nc5 Bc8 17. a4 Nf5 18. Rab1 Bd6 19. b5 axb5 20. axb5 Nh4 21. Nxh4 Qxh4
22. g3 $14 {1/2 Pogorelov,R (2441)-Cvetkovic,S (2378)/Obrenovac 2008/CBM 127
Extra (28)}) 16. Nc5 Ra7 17. Qa4 Nf5 18. Nd7 Qe7 19. Nxf8 Kxf8 20. Ne5 Nd6 21.
b5 Qe8 22. Qa3 Qe7 23. bxa6 $16 {1-0 Malaniuk,V (2600)-Maksimovic,B (2325)/
Becici 1993/EXT 2000 (50)}) 13. Qd1 (13. Qb3 $5 Qd6 14. Na4 b6 15. Qd1 g6 16.
a3 Bg7 17. b4 Nb8 (17... Bd7 $142 18. Nc3 Ne7) 18. Nc3 c6 19. Qb3 Be6 20. a4
Nd7 21. a5 $14 {1-0 Petrosian,T-Averbakh,Y/Moscow 1966/EXT 1999 (39)}) (13. a3
Ne7 (13... Be6 14. Qd1 g5 15. Nd2 Ne7 16. Na4 c6 17. Nc5 Bc8 18. Bg4 Rb8 19.
Nf1 Bxg4 20. Qxg4 Qf5 21. h3 Qxg4 22. hxg4 f5 23. Nh2 $14 {1/2 Fernandes,A 
(2465)-Campora,D (2503)/Santo Antonio 2001/CBM 084 (67)}) 14. b4 Bg4 15. Qb3 c6
16. a4 Nf5 17. b5 Bxf3 (17... axb5 $142 18. axb5 Rxa1 19. Rxa1 c5 $5 $132 {
B.Lalic}) 18. Bxf3 a5 19. Qd1 g6 20. Rab1 $14 {1-0 Lalic,B (2590)-Dizdar,G 
(2535)/Makarska Tucepi 1995/EXT 1997 (38)}) 13... Ne7 (13... Be6 14. Na4 Bd6
15. Nc5 Bc8 16. Rc3 Ne7 17. Rac1 b6 18. Nd3 Ng6 19. a3 a5 20. Nde1 Bd7 21. Nd2
Re8 22. Bg4 Be6 23. Bxe6 fxe6 {1/2 Szilagyi,G-Pogats,J/Budapest 1958/EXT 2006})
14. Na4 c6 15. Nb6 (15. Nc5 Nf5 16. b4 h5 17. a4 g6 18. Rab1 Bd6 19. b5 axb5
20. axb5 Nh4 21. bxc6 bxc6 {1/2 Alvarez Ibarra,R (2420)-Bertona,F (2370)/
Montcada 1997/EXT 1999}) 15... Rb8 16. Nxc8 Nxc8 17. Ne1 $1 Bd6 18. Nd3 Bc7 19.
b4 Nd6 20. a4 $36 {1/2 Lalic,B (2550)-Sherwin,J (2358)/Coulsden 76/388 1999/
Inf 76/[Lalic,B] (59)}) 12... Ne7 13. b4 (13. Rfe1 c6 14. Qb3 Ng6 15. Bd3 Re8
16. e4 Nf4 17. e5 Qe6 18. Bf1 Qg4 19. Nd1 c5 20. Ne3 Nh3+ 21. Kh1 Nxf2+ 22. Kg1
$11 {1/2 Pileckis,E (2472)-Aronian,L (2757)/Kallithea 2008/CBM 127 (28)}) 13...
a6 {[%mdl 32]} (13... c6 {was possible, with a normal Karlsbad structure, e.g.}
14. Qb3 Be6 15. Rfc1 Ng6 16. Na4 Bg4 17. Ra2 Bd6 18. Ne1 Bxe2 19. Rxe2 Qh4 20.
g3 Qg4 21. Ra2 Rac8 22. Nc5 Rc7 23. a4 h5 $132 {0-1 Polatel,L (2009)-Ibarra
Chami,L (2416)/Kemeri 2007/CBM 121 Extra (54)}) {The text move (without ...
c7-c6) leads to a different strategic setup.} 14. b5 (14. Qb3 $5 Be6 15. Na4
Nf5 16. Nc5) 14... Bg4 (14... c5 $5 {deserved serious attention:} 15. bxa6 (15.
bxc6 Nxc6 16. Rfb1 Ra7 {[%cal Yb7b5]} 17. Rb6 Bc5 $1) 15... c4 16. e4 $5 Rxa6
17. Qc2 Bg4 $13) 15. bxa6 Bxf3 16. Bxf3 Rxa6 17. Qb3 Qd6 18. Rfc1 c6 $6 {
After this move White obtains a typical favourable structure. Black could have
avoided that by playing} (18... Raa8 {although after} 19. a4 (19. Nb5 Qb6 20.
Rxc7 $2 Ra5 21. Rc5 Nf5) 19... c6 20. a5 {[%csl Rb7] White will try to trade
the a5- and b7-pawns anyway.}) 19. Qxb7 Rxa3 20. Rxa3 Qxa3 {[%csl Rc6]} 21. Ne2
g6 22. g3 h5 23. h4 Qd6 24. Nf4 Bh6 25. Ne2 {White doesn't hurry as Black has
no counterplay or possibility to strengthen his defence.} Bg7 26. Rb1 Bf6 27.
Nf4 Kg7 28. Qa7 Rd7 29. Qa6 Rd8 30. Kg2 Rd7 31. Bd1 Rc7 32. Rb8 Kh7 33. Bc2 Kg7
34. Bd1 Kh7 35. Ra8 Qd7 36. Qd3 Kh6 37. Qa3 Rc8 38. Ra7 Rc7 39. Ra8 Rc8 40. Ra6
Rc7 41. Qc5 Qc8 42. Qd6 Kg7 43. Qa3 Qf5 44. Qd3 Qd7 $4 {[%mdl 8192] As usually
happens, Black, tired of difficult defence, commits a blunder. However,} (44...
Qxd3 45. Nxd3 {offers him few chances to survive.}) 45. Bxh5 {The rest is
clear, especially as the black king is now compromised, too.} Nf5 46. Bd1 Rb7
47. Qc2 Ne7 48. Nd3 Qc7 49. h5 Ra7 50. Rxa7 Qxa7 51. hxg6 fxg6 52. Nf4 Qd7 53.
Be2 Qd6 54. Bg4 Kf7 55. Ne6 Ng8 56. Nc5 Ne7 57. Qb1 Qd8 58. Qb7 1-0

[Event "Nanjing Pearl Spring 3rd"]
[Site "Nanjing"]
[Date "2010.10.23"]
[Round "4"]
[White "Bacrot, Etienne"]
[Black "Anand, Viswanathan"]
[Result "1-0"]
[WhiteElo "2716"]
[BlackElo "2800"]
[Annotator "Mueller,Karsten"]
[PlyCount "91"]
[EventDate "2010.10.20"]
[EventType "tourn"]
[EventRounds "10"]
[EventCountry "CHN"]
[EventCategory "21"]
[SourceTitle "CBM 139"]
[Source "ChessBase"]
[SourceDate "2010.11.18"]
[SourceVersion "1"]
[SourceVersionDate "2010.11.18"]
[SourceQuality "1"]

1. d4 d5 2. c4 c6 3. Nc3 Nf6 4. Nf3 dxc4 5. a4 Bf5 6. Ne5 e6 7. f3 Bb4 8. e4
Bxe4 9. fxe4 Nxe4 10. Bd2 Qxd4 11. Nxe4 Qxe4+ 12. Qe2 Bxd2+ 13. Kxd2 Qd5+ 14.
Kc3 O-O 15. Qe3 b5 16. Be2 Nd7 17. Nxd7 Qxd7 18. Rhd1 Qe7 19. Kc2 a5 20. Bf3
Rac8 21. Qe5 g6 22. axb5 cxb5 23. Qxb5 Rc5 24. Qd7 Qg5 25. Qd4 Rfc8 26. Ra3 Rb5
27. Rd2 Rb4 28. Kd1 Rcb8 29. Ke2 Qb5 30. Ke1 Rxb2 31. Rxb2 Qxb2 32. Qxb2 Rxb2
33. Rxa5 c3 34. Rc5 Rb1+ 35. Ke2 Rc1 36. Kd3 Kg7 37. Rxc3 Rxc3+ 38. Kxc3 f5 39.
Kd4 Kf6 40. Bd1 h5 41. Bf3 h4 42. Be2 {The wrong outside pawn. Normally an
extra piece will win fairly easily in an endgame, but that may not be the case
if the attacker has very few pawns. If one of them is, in addition, a "wrong
colored outside pawn" then it can easily become impossible:} g5 $2 {After this
the path of the black king to the kingside is blocked and the extra pawn can
repeatedly use the sharp endgame weapon of zugzwang to win the day.} (42... e5+
{on the other hand keeps all options open and draws:} 43. Kd5 (43. Ke3 g5 44.
Ba6 (44. h3 e4 45. Kd4 g4 46. hxg4 fxg4 47. Bxg4 Kg5 48. Bh3 Kf4 $11 {and the
black counterplay is sufficient to draw.}) 44... f4+ 45. Kf3 e4+ 46. Kxe4 h3
47. gxh3 Kg7 $11) 43... e4 (43... h3 $2 {would be premature:} 44. g3 f4 45. g4
(45. Ke4 Kg5 46. Bf3 $18 {wins prosaically}) 45... Kg5 46. Kxe5 Kh4 $5 {
Black sets a clever little stalemate trap, which can, however, be circumvented.
} 47. Bf3 (47. Kxf4 $2 g5+ 48. Kf5 {patt}) 47... g5 48. Bd1 f3 49. Ke4 f2 (
49... Kxg4 50. Bxf3+ Kh4 51. Be2 g4 52. Kf4 Kh5 53. Bb5 $18) 50. Be2 f1=Q 51.
Bxf1 Kxg4 52. Bb5 Kh5 53. Be8+ Kh6 54. Kf5 {and in this constellation White
can win in spite of the wrong colored bishop:} Kh7 55. Kf6 Kh8 56. Bg6 Kg8 57.
Bd3 Kh8 58. Kf7 g4 59. Be4 g3 60. hxg3 $18) 44. Bd1 Kg5 $1 {The king uses this
route to either convert the white g-pawn into a wrong-colored h-pawn, or to
eliminate it altogether:} 45. Ke5 f4 46. Kxe4 ({Even after} 46. h3 f3 47. gxf3
exf3 48. Bxf3 Kh6 {White cannot gain anything from his outside pawn, e.g.} 49.
Kf6 Kh7 50. Bd5 Kh8 $11) 46... h3 47. g3 (47. gxh3 Kh4 48. Bg4 f3 49. Kxf3 g5
50. Bf5 Kh5 $11) 47... fxg3 48. hxg3 h2 49. Bf3 h1=Q 50. Bxh1 Kg4 $11) 43. Ba6
$1 g4 ({Now the white king can cut off Black's path after} 43... e5+ 44. Kd5 e4
45. Bf1 g4 46. Kd4 Kg5 47. Ke3 h3 48. g3 f4+ 49. gxf4+ Kf5 50. Ba6 g3 51. Bc8+
Kf6 52. Bxh3 gxh2 53. Bg2 $18) 44. Bb7 $1 e5+ (44... f4 45. Ke4 f3 46. g3 $18)
45. Kd5 $1 f4 (45... e4 46. Kd4 h3 47. g3 f4 48. Kxe4 $18) 46. Ke4 {and Anand
resigned because in the end all of his pawns will fall, e.g.} (46. Ke4 h3 47.
g3 fxg3 (47... f3 48. Bc8 f2 49. Ba6 Ke6 50. Ke3 $18) 48. hxg3 h2 49. Ke3 $18)
1-0

[Event "Paris FIDE GP"]
[Site "Elancourt"]
[Date "2013.10.03"]
[Round "10"]
[White "Fressinet, Laurent"]
[Black "Bacrot, Etienne"]
[Result "0-1"]
[WhiteElo "2708"]
[BlackElo "2723"]
[Annotator "ChessBase Website"]
[PlyCount "48"]
[EventDate "2013.09.22"]
[EventType "tourn"]
[EventRounds "11"]
[EventCountry "FRA"]
[EventCategory "20"]
[SourceTitle "CBM 157"]
[Source "ChessBase"]
[SourceDate "2013.11.12"]
[SourceVersion "1"]
[SourceVersionDate "2013.11.12"]
[SourceQuality "1"]
[TimeControl "40/7200:20/3600:900+30"]
[WhiteClock "2:00:00"]
[BlackClock "2:00:00"]

1. d4 {[%emt 0:00:03]} Nf6 {[%emt 0:00:06]} 2. c4 {[%emt 0:00:07]} g6 {[%emt 0:
00:05]} 3. Nc3 {[%emt 0:00:49]} Bg7 {[%emt 0:00:03]} 4. e4 {[%emt 0:00:05]} d6
{[%emt 0:00:07]} 5. Be2 {[%emt 0:00:08]} O-O {[%emt 0:00:12]} 6. Nf3 {[%emt 0:
00:04]} e5 {[%emt 0:00:12]} 7. O-O {[%emt 0:00:05]} Nc6 {[%emt 0:00:09]} 8. d5
{[%emt 0:00:04]} Ne7 {[%emt 0:00:06]} 9. b4 {[%emt 0:00:05]} Nh5 {[%emt 0:00:
49]} 10. Re1 {[%emt 0:00:13]} f5 {[%emt 0:00:47]} 11. Ng5 {[%emt 0:00:09]} Nf6
{[%emt 0:00:39]} 12. Bf3 {[%emt 0:00:43]} h6 {[%emt 0:03:19]} 13. Ne6 {[%emt 0:
00:25]} Bxe6 {[%emt 0:00:02]} 14. dxe6 {[%emt 0:00:07]} c6 {[%emt 0:00:10]} 15.
exf5 $6 {[%emt 0:42:40]} (15. Be3) (15. b5 $142 {[%csl Rd6][%cal Gc1a3]} fxe4
16. Nxe4 Nxe4 17. Bxe4 d5 18. cxd5 cxd5 19. Ba3 {[%csl Re7]} dxe4 20. Qxd8
Rfxd8 21. Bxe7 Re8 22. Bc5 $14 {[%csl Rg7]}) 15... gxf5 {[%emt 0:16:53]} 16.
Bb2 $6 {[%emt 0:04:21]} (16. b5 $142 e4 17. Be2 Ne8 18. Bb2 Nc7 {Fressinet})
16... e4 {[%emt 0:18:29]} 17. Be2 {[%emt 0:03:24]} (17. Bh5 $142 $5 {Bacrot}
Nxh5 18. Qxh5 Qe8) 17... Ng6 {[%emt 0:02:31]} 18. b5 {[%emt 0:07:13]} Qe7 {
[%emt 0:03:48]} 19. bxc6 {[%emt 0:07:31]} bxc6 {[%emt 0:00:03]} 20. Rb1 {
[%emt 0:03:15][%csl Rb1,Rb2]} Qxe6 $17 {[%emt 0:03:31]} 21. Bf1 {[%emt 0:06:10]
} Rab8 {[%emt 0:04:39]} 22. c5 $2 {[%emt 0:09:00] The French duel resulted in
a strangely one-sided game as Fressinet basically collapsed out of the opening.
He made a couple of strange decisions, but the truly bad ones started with 22.
c5? after which some simple moves left White down two pawns and in the
receiving end of a deadly attack.} Ng4 {[%emt 0:17:40]} 23. Qc2 {[%emt 0:07:14]
} Qe5 {[%emt 0:05:22]} 24. g3 {[%emt 0:00:04]} Qxc5 {[%emt 0:01:18]} 0-1

[Event "FRA-chT Top 12"]
[Site "Montpellier"]
[Date "2015.06.05"]
[Round "6.4"]
[White "Jakovenko, Dmitrij"]
[Black "Bacrot, Etienne"]
[Result "0-1"]
[WhiteElo "2738"]
[BlackElo "2704"]
[Annotator "ChessBase II"]
[PlyCount "116"]
[EventDate "2015.05.30"]
[EventType "team-tourn"]
[EventRounds "11"]
[EventCountry "FRA"]
[SourceTitle "CBM 166 Extra"]
[Source "ChessBase"]
[SourceDate "2015.06.18"]
[SourceVersion "1"]
[SourceVersionDate "2015.06.18"]
[SourceQuality "1"]
[WhiteTeam "Clichy-Echecs 92"]
[BlackTeam "Bischwiller"]
[WhiteTeamCountry "FRA"]
[BlackTeamCountry "FRA"]

1. Nf3 d5 2. d4 Nf6 3. c4 e6 4. Bg5 Be7 5. Qc2 h6 6. Bxf6 Bxf6 7. e3 O-O 8. h4
{Une nouveauté dans cet ordre de coups} g6 9. Nc3 c6 10. O-O-O Nd7 11. Kb1
$146 (11. e4 Bg7 12. h5 g5 13. Kb1 g4 14. Nh2 c5 15. dxc5 d4 16. Nb5 Nxc5 17.
e5 Bxe5 18. Nxg4 Bg7 19. f4 e5 20. Nxe5 Qf6 21. Nd3 Bf5 22. g4 Be4 23. Rg1 a6
24. Na3 b5 25. g5 hxg5 26. Rxg5 Rfc8 27. Qh2 Kf8 28. Ka1 Ne6 29. Re5 Bh7 30. h6
Bh8 31. Bg2 bxc4 32. Bxa8 cxd3 33. Bb7 Rc2 34. Qg1 Nxf4 35. Ree1 Qb6 36. Nc4
Rxc4 37. Qg5 Qc7 38. Bxa6 Rc5 39. Qg1 Bg6 40. a3 Bf6 {Kanep,M (2531)-Akobian,V
(2618) Caleta 2011 0-1}) 11... Bg7 12. Bd3 a6 13. cxd5 (13. e4 dxc4 $1 14. Bxc4
b5 {[%cal Gc6c5] Bacrot EE}) 13... cxd5 14. e4 dxe4 15. Bxe4 Qb6 16. g4 Rd8 17.
Na4 Qa5 18. g5 h5 19. Nc5 Rb8 20. Ne5 (20. Nb3 Qb4 21. Ne5 $11 {[%csl Rf7,Rg6]
[%cal Ge5g6,Ge4g6]}) 20... Nxc5 21. Nc4 Qb4 22. dxc5 Bd7 23. Nd6 Ba4 24. b3 b6
25. Qc4 bxc5 26. Qxb4 Rxb4 27. f3 Bd4 28. Nb7 Rc8 29. Kc2 Bd7 30. Na5 Rb5 31.
Nc4 Rcb8 32. Rd3 Kf8 33. Nd6 R5b6 34. Nc4 Rb5 35. Nd6 Rb4 36. a3 R4b6 37. Nc4
Rb5 38. Nd6 R5b6 $17 39. Nc4 Bb5 $1 40. Nxb6 Bxd3+ 41. Kxd3 Rxb6 42. Kc4 Be3
43. Rh2 Ke7 44. Re2 Bc1 45. Ra2 Bf4 46. Rg2 Rb8 47. Bc2 Bc1 $1 48. a4 Ba3 49.
Be4 Rd8 50. Kc3 Bb4+ 51. Kc2 Rd4 52. Re2 a5 53. Kc1 Kd7 54. Kc2 Kd6 55. Kc1 c4
56. bxc4 Rxc4+ 57. Kd1 Rd4+ 58. Kc2 Ke7 $1 {[%csl Ra4,Rh4][%cal Gb4d6,Gd4a4,
Gd4h4,Gd6g3] Gagne un P} 0-1

[Event "GER CupT prel"]
[Site "Germany"]
[Date "2018.03.04"]
[Round "2.1"]
[White "Kuzubov, Yuriy"]
[Black "Bacrot, Etienne"]
[Result "0-1"]
[WhiteElo "2689"]
[BlackElo "2718"]
[PlyCount "98"]
[EventDate "2018.03.03"]
[EventType "team-k.o."]
[EventRounds "2"]
[EventCountry "GER"]
[SourceTitle "CBM 183 Extra"]
[Source "ChessBase"]
[SourceDate "2018.04.19"]
[SourceVersion "1"]
[SourceVersionDate "2018.04.19"]
[SourceQuality "1"]
[WhiteTeam "Bad Emstal/Wolfhagen"]
[BlackTeam "Baden-Baden"]
[WhiteTeamCountry "GER"]
[BlackTeamCountry "GER"]

1. d4 d5 2. c4 e6 3. Nc3 Be7 4. cxd5 exd5 5. Bf4 c6 6. e3 Bf5 7. Nge2 Nd7 8.
Ng3 Bg6 9. Rc1 Ngf6 10. h4 h5 11. Bg5 Bd6 12. Nge2 Qb6 13. Qd2 O-O 14. Bf4 Be7
15. Ng3 Rfe8 16. Be2 Rac8 17. a3 a6 18. Bf3 Nf8 19. Na4 Qd8 20. Nc5 b6 21. Nd3
Ne4 22. Bxe4 dxe4 23. Ne5 c5 24. dxc5 Bxc5 25. Qxd8 Rcxd8 26. Ke2 Rd5 27. b4
Be7 28. Rc6 Bf6 29. Nxg6 Nxg6 30. Bc7 b5 31. Rc5 Rxc5 32. bxc5 Bb2 33. Bd6 Ne5
34. Nf5 Nc6 35. Rb1 Bxa3 36. Nd4 Rc8 37. Ra1 b4 38. Nc2 Bb2 39. Rxa6 b3 40. Na3
Nb4 41. Ra7 Nd3 42. Nc4 Bc3 43. f3 Nxc5 44. Rc7 Rxc7 45. Bxc7 b2 46. Na3 Na4
47. Bd6 Bf6 48. fxe4 Nc3+ 49. Kd3 Nb5 0-1